| 000 | 00862cam a2200265 a 4500 | ||
|---|---|---|---|
| 001 | 1051 | ||
| 005 | 20230815140355.0 | ||
| 008 | 820222s1981 nyua j 000 1 eng | ||
| 020 | _a0448474913 | ||
| 040 |
_aDLC _cDLC _dDLC _beng |
||
| 050 | 0 | 0 |
_aPZ7.P4445 _bLi 1968 |
| 082 | 0 | 0 |
_a[Fic] _219 |
| 100 | 1 |
_aPeterson, John, _d1924-2002. |
|
| 245 | 1 | 4 |
_aThe Littles to the rescue : _bstory and pictures / _cby John Peterson |
| 260 |
_aNew York : _bScholastic, _c1968. |
||
| 300 |
_a94 pages : _billustrations _c20 cm |
||
| 505 | _aO | ||
| 520 | _aA family of tiny people experiences a crisis when a baby is born during a snowstorm. | ||
| 521 |
_a630
_bLexile |
||
| 521 |
_aO
_bRaz-Plus |
||
| 650 | 0 |
_aLittle family (Fictitious characters) _vFiction. |
|
| 650 | 1 | _aFantasy. | |
| 906 |
_a7 _bcbc _corignew _d2 _eopcn _f19 _gy-gencatlg |
||
| 942 |
_2ddc _cBK _n0 |
||
| 999 |
_c1051 _d1051 |
||